• 首页
  • 本馆介绍
  • 公告通知
  • 最新文献
  • 馆藏检索
  • 电子资源
  • 读者导购
  • 参考咨询
  • 我的图书馆
  • 登录
  • 详细信息显示
  • 放入我的书架
  • 预约/预借图书
  • 作者相关作品
  • 分类相关作品
  • 丛书相关作品
  • 出版社相关作品

书目信息

  • 表格格式
  • 工作单格式
  • 卡片格式
题名:
斯诺文集
    
 
作者: 斯诺 , Snow 著
分册: 第三卷   为亚洲而战
出版信息: 北京   新华出版社  1984
页数: 412页
开本: 20cm
丛书名:
单 册:
中图分类: I712.15 , I712.11
科图分类:
主题词: 抗日战争--中国 , 抗日战争 , 文学--作品--美国--现代--选集 , 文学
电子资源:
ISBN:
000 00939nam0 2200313 450
001 1538263976
005 20150120103811.32
010    @dCNY1.90
091    @a10203.135
100    @a19951010d1984 em y0chiy0110 ea
101 1  @achi@ceng
102    @aCN@b110000
105    @af z 000zd
200 1  @a斯诺文集@9si nuo wen ji@h第三卷@i为亚洲而战@f(美)斯诺(Snow,E.)著
210    @a北京@c新华出版社@d1984
215    @a412页@c照片@d20cm
517 1  @a为亚洲而战@9wei ya zhou er zhan
600  1 @a斯诺@c(Snow, Edgar Parks@f1905~1972)@x生平事迹
600  1 @2CT@3S070965@a斯诺@c(Snow, Edgar Parks@f1905~1972)
606 0  @a抗日战争@y中国
606 0  @a抗日战争
606 0  @a文学@x作品@y美国@z现代@x选集
606 0  @a文学
690    @aI712.15@v5
690    @aI712.11@v4
701  1 @c(美)@a斯诺@9si nuo@c(Snow, Edgar@f1905~1972)@4著
701  1 @aSnow@bE.@4著
801  0 @aCN@bTSSF@c20150120
905    @aZUCC@dI712.11@eJY3:3
    
    斯诺文集.第三卷.为亚洲而战/(美)斯诺(Snow,E.)著.-北京:新华出版社,1984
    412页:照片;20cm
    
    
    ISBN :CNY1.90
    
●
相关链接 在E读中查询图书 在五车中查询图书 在当当中查询图书 在豆瓣中查询图书


正题名:斯诺文集     索取号:I712.11/JY3:3         预约/预借

序号 登录号 条形码 馆藏地/架位号 状态 备注
1 7836705   278367054   学院路分馆/ [索取号:I712.11/JY3:3] 在馆    
唐山师范学院图书馆 欢迎您!
大连网信软件有限公司© 版权所有